Pracovný zošit zo slovenského jazyka pre 4. ročník špeciálnych základných škôl

Bibliographic Details
Main Authors: Gelányiová, Eva (Author), Michalová, Andrea (Author)
Other Authors: Žitňanová, Tatiana, 1956- (Illustrator)
Format: Book
Language:Slovak
PhysicalDescription:102 s., [1] l. ilustr. príl. fareb. ilustr. 30 cm
Published: Bratislava Slovenské pedagogické nakladateľstvo - Mladé letá 2017
ISBN:9788010031603
Edition:17. vyd.
Subjects:

MARC

LEADER 00000cam a2200000 a 4500
001 vtls011706578
003 SK-MaSNL
005 20260302053413.0
008 240314s2017 xo a b p 000 0 slo
015 |a SNBA2017/09 
020 |a 9788010031603  |q (brož.) 
035 |a urn:nbn:sk:snk-am00d5q9 
035 |a urn:nbn:sk:snk-am3hql6 
035 |a C7155E20-522F-4B45-9295-13EAEA449AEC 
040 |a SNK  |b slo  |c SNK  |e AACR2 
041 0 |a slo 
044 |a xo  |c SK 
072 7 |a 373.2/.3  |x Predškolská a primárna výchova a vzdelávanie  |2 konspekt 
072 7 |a 811.162.4  |x Slovenčina  |2 konspekt 
080 |a 811.162.4  |2 2011 
080 |a (075.2)  |2 2011 
080 |a (076.1)  |2 2011 
100 1 |a Gelányiová, Eva  |4 aut  |9 231876 
245 1 0 |a Pracovný zošit zo slovenského jazyka  |b pre 4. ročník špeciálnych základných škôl  |c Eva Gelányiová, Andrea Michalová ; [ilustrácie: Táňa Žitňanová] 
250 |a 17. vyd. 
260 |a Bratislava  |b Slovenské pedagogické nakladateľstvo - Mladé letá  |c 2017 
300 |a 102 s., [1] l. ilustr. príl.  |b fareb. ilustr.  |c 30 cm 
650 0 7 |a slovenčina  |2 SNKPH  |9 1350 
650 0 7 |a Slovak language  |2 SNKPHeng  |9 266031 
655 7 |a učebnice špeciálnych základných škôl  |2 SNKPH  |9 70204 
655 7 |a Textbooks (elementary)  |2 SNKPHeng  |9 276977 
655 7 |a pracovné zošity  |2 SNKPH  |9 70188 
655 7 |a Activity books  |2 SNKPHeng  |9 302885 
700 1 |a Michalová, Andrea  |4 aut  |9 231882 
700 1 |a Žitňanová, Tatiana,  |d 1956-  |4 ill  |9 86022 
852 |a Štátna vedecká knižnica v Banskej Bystrici 
919 |a 978-80-10-03160-3 
999 |c 1109245  |d 1111175 
952 |a SNK  |b SNK  |y PREZ  |7 0  |p 17A1270731  |o snkSB 91881  |i snk2017/18997  |8 0  |0 0  |1 0  |4 0  |d 2017-08-24  |f 1  |l 0  |r 2025-05-13 00:00:00  |w 2026-02-24 
952 |a SNK  |b SNK  |y VYP  |7 0  |p 17A1270732  |o snkSB 91881 D1  |i snk2017/18998  |8 0  |0 0  |1 0  |4 0  |d 2017-08-24  |l 0  |r 2026-02-24 17:56:06  |w 2026-02-24